[Event "Stare Mesto Slavia Kromeriz op 2nd"]
[Site "Stare Mesto"]
[Date "2024.03.30"]
[Round "5"]
[White "Dosedel, Jiri"]
[Black "Kulich, Daniel"]
[Result "1-0"]
[WhiteElo "1981"]
[BlackElo "1903"]
[PlyCount "75"]
[EventDate "2024.03.28"]
[EventType "swiss"]
[EventRounds "7"]
[EventCountry "CZE"]
[SourceTitle "CB14_2024"]
[SourceDate "2024.04.01"]
[SourceVersion "1"]
[SourceVersionDate "2024.04.01"]
[SourceQuality "1"]

1. Nf3 d5 2. g3 Nc6 3. Bg2 e5 4. d3 Nf6 5. Nbd2 Be7 6. 0-0 0-0 7. e4 Re8 8. c3 dxe4 9. dxe4 Qd3 10. Re1 a5 11. Bf1 Qd7 12. a4 Bc5 13. Bc4 h6 14. Qc2 Ng4 15. Re2 Qe7 16. Nf1 Qf6 17. Kg2 Qg6 18. Ne3 Nxe3+ 19. Bxe3 Bxe3 20. Rxe3 b6 21. Rd1 Nd8 22. Nxe5 Bh3+ 23. Kxh3 Rxe5 24. Kg2 Ne6 25. Rd7 Qg4 26. Bxe6 Qxe6 27. Qd3 Re8 28. Rxc7 Rxe4 29. Rxe4 Qxe4+ 30. Qxe4 Rxe4 31. Rc6 Rxa4 32. Rxb6 Ra2 33. c4 a4 34. c5 a3 35. c6 axb2 36. c7 Ra8 37. Rxb2 Kh7 38. Rb8 1-0

[Event "CZE-chT2D 2223"]
[Site "Czech Republic"]
[Date "2023.03.26"]
[Round "11.2"]
[White "Rosko, Lubos"]
[Black "Dosedel, Jiri"]
[Result "1-0"]
[WhiteElo "2308"]
[BlackElo "2012"]
[PlyCount "79"]
[EventDate "2022.10.16"]
[EventType "team-tourn"]
[EventRounds "11"]
[EventCountry "CZE"]
[SourceTitle "EXT 2024"]
[Source "ChessBase"]
[SourceDate "2023.10.10"]
[SourceVersion "1"]
[SourceVersionDate "2023.10.10"]
[SourceQuality "1"]
[WhiteTeam "Hradec Kralove Lipky"]
[BlackTeam "Vysoke Myto"]
[WhiteTeamCountry "CZE"]
[BlackTeamCountry "CZE"]

1. d4 Nf6 2. c4 g6 3. Nc3 Bg7 4. e4 d6 5. Be2 0-0 6. h4 e5 7. d5 h6 8. Be3 Ne8 9. Qd2 Kh7 10. h5 g5 11. g4 a5 12. f3 Na6 13. Bd3 Nc5 14. Nge2 b6 15. Ng3 Rg8 16. 0-0 Bd7 17. Rfc1 Bf8 18. Bf2 Ng7 19. Bc2 Be7 20. Rab1 Qc8 21. Qe2 Qe8 22. Kg2 Kh8 23. Qd1 Bf6 24. b3 Be7 25. a3 f6 26. Ra1 Qf7 27. b4 Nb7 28. Ba4 Bxa4 29. Nxa4 Rgd8 30. Qb3 Qf8 31. Nb2 axb4 32. axb4 Rxa1 33. Rxa1 Ra8 34. Ra3 Qb8 35. Qa2 Rxa3 36. Qxa3 Nd8 37. Qa4 Nb7 38. Qc6 Qc8 39. Bxb6 Bd8 40. Nd1 1-0

[Event "CZE-chT2D 2223"]
[Site "Czech Republic"]
[Date "2023.01.08"]
[Round "6.1"]
[White "Dosedel, Jiri"]
[Black "Fiedorek, Michal"]
[Result "0-1"]
[WhiteElo "2012"]
[BlackElo "2301"]
[PlyCount "54"]
[EventDate "2022.10.16"]
[EventType "team-tourn"]
[EventRounds "11"]
[EventCountry "CZE"]
[SourceTitle "EXT 2024"]
[Source "ChessBase"]
[SourceDate "2023.10.10"]
[SourceVersion "1"]
[SourceVersionDate "2023.10.10"]
[SourceQuality "1"]
[WhiteTeam "Vysoke Myto"]
[BlackTeam "Rychnov nad Kneznou Panda"]
[WhiteTeamCountry "CZE"]
[BlackTeamCountry "CZE"]

1. Nf3 Nf6 2. g3 g6 3. Bg2 Bg7 4. 0-0 0-0 5. d3 d6 6. e4 c5 7. Nbd2 Nc6 8. c3 Rb8 9. h3 e5 10. Ne1 d5 11. f4 dxe4 12. dxe4 b6 13. f5 Ba6 14. Rf2 Bh6 15. Qa4 Qc8 16. Nf1 Bxc1 17. Rxc1 Nh5 18. Kh2 f6 19. Ne3 Ne7 20. Rd1 Kh8 21. Rd6 Bb7 22. Qxa7 Ra8 23. Qxb6 Ra6 24. Qb5 Rxd6 25. fxg6 hxg6 26. Nc4 Rdd8 27. Ne3 Ng7 0-1

[Event "Pardubice op rapid 32nd"]
[Site "Pardubice"]
[Date "2021.07.22"]
[Round "7"]
[White "Dosedel, Jiri"]
[Black "Akesson, Ralf"]
[Result "0-1"]
[WhiteElo "1999"]
[BlackElo "2395"]
[PlyCount "86"]
[EventDate "2021.07.21"]
[EventType "swiss (rapid)"]
[EventRounds "9"]
[EventCountry "CZE"]
[SourceTitle "CBM 203 Extra"]
[Source "ChessBase"]
[SourceDate "2021.09.30"]
[SourceVersion "1"]
[SourceVersionDate "2021.09.30"]
[SourceQuality "1"]

1. Nf3 c5 2. g3 Nc6 3. Bg2 e5 4. d3 d5 5. 0-0 h6 6. Nbd2 Nf6 7. e4 d4 8. Ne1 g5 9. c4 Be6 10. Ndf3 Nd7 11. h4 Be7 12. hxg5 hxg5 13. Bd2 Nf8 14. a3 a5 15. Nc2 a4 16. Rb1 Ng6 17. b4 axb3 18. Rxb3 g4 19. Nh2 Qd7 20. f4 gxf3 21. Qxf3 Bd8 22. Rfb1 b6 23. Qf2 Ra6 24. Nf3 f6 25. Kf1 Bg4 26. Ke2 Ra7 27. Rh1 Rxh1 28. Bxh1 f5 29. Kd1 fxe4 30. dxe4 Qf7 31. Qe2 Ra4 32. Kc1 Rxc4 33. Kb2 Rxc2+ 34. Kxc2 c4 35. Ng5 cxb3+ 36. Kb2 Bxe2 37. Nxf7 Kxf7 38. Kxb3 b5 39. Bg2 Bc4+ 40. Kb2 Ba5 41. Bg5 Bc3+ 42. Kc1 d3 43. Bh3 Nd4 0-1

[Event "Pardubice op rapid 32nd"]
[Site "Pardubice"]
[Date "2021.07.22"]
[Round "8"]
[White "Stocek, Martin"]
[Black "Dosedel, Jiri"]
[Result "0-1"]
[WhiteElo "1833"]
[BlackElo "1999"]
[PlyCount "104"]
[EventDate "2021.07.21"]
[EventType "swiss (rapid)"]
[EventRounds "9"]
[EventCountry "CZE"]
[SourceTitle "CBM 203 Extra"]
[Source "ChessBase"]
[SourceDate "2021.09.30"]
[SourceVersion "1"]
[SourceVersionDate "2021.09.30"]
[SourceQuality "1"]

1. d4 Nf6 2. c4 g6 3. Nc3 Bg7 4. e4 d6 5. f3 0-0 6. Be3 e5 7. d5 Nh5 8. g4 Nf4 9. Nge2 Nd7 10. Qd2 g5 11. h4 h6 12. hxg5 hxg5 13. Nxf4 exf4 14. Qh2 Re8 15. Bf2 Ne5 16. Be2 Bd7 17. Bd4 Qf6 18. Bxe5 Qxe5 19. Rd1 Kf8 20. Qf2 a6 21. a4 Ke7 22. Kf1 b6 23. Kg2 Rh8 24. Bd3 Rxh1 25. Rxh1 Rh8 26. Rxh8 Bxh8 27. c5 dxc5 28. Bxa6 Qd4 29. Bb5 Qb4 30. Bxd7 Kxd7 31. Qc2 Be5 32. Qc1 Qc4 33. Qc2 Kc8 34. Kf2 Kb7 35. Kg2 f6 36. Qd2 Bd4 37. Ne2 Qxa4 38. Nxd4 cxd4 39. Kf2 Qc4 40. Qe2 d3 41. Qd2 Qd4+ 42. Kf1 Qe3 43. Qd1 d2 44. Qe2 Qd4 45. Qd1 Qxb2 46. Ke2 c6 47. dxc6+ Kxc6 48. Kf1 Qc1 49. Ke2 Kc5 50. e5 fxe5 51. Qb3 Qe1+ 52. Kd3 d1Q+ 0-1

[Event "CZE-chT2D 1819"]
[Site "Czech Republic"]
[Date "2019.03.17"]
[Round "10.6"]
[White "Dosedel, Jiri"]
[Black "Svizensky, Lubos"]
[Result "1/2-1/2"]
[WhiteElo "2072"]
[BlackElo "1937"]
[PlyCount "36"]
[EventDate "2018.10.14"]
[EventType "team-tourn"]
[EventRounds "11"]
[EventCountry "CZE"]
[SourceTitle "EXT 2022"]
[Source "ChessBase"]
[SourceDate "2021.10.06"]
[SourceVersion "1"]
[SourceVersionDate "2021.10.06"]
[SourceQuality "1"]
[WhiteTeam "Vysoke Myto"]
[BlackTeam "Dalesice Pivovar"]
[WhiteTeamCountry "CZE"]
[BlackTeamCountry "CZE"]

1. e4 c6 2. d4 d5 3. Nc3 Nf6 4. e5 Ng8 5. f4 h5 6. Be2 g6 7. Nf3 Bg4 8. Ng5 Bxe2 9. Nxe2 e6 10. c3 Ne7 11. Qb3 Qb6 12. Be3 Qxb3 13. axb3 Nf5 14. Kd2 Be7 15. b4 Nd7 16. Ra2 0-0 17. g3 Kg7 18. Rha1 a6 1/2-1/2

[Event "CZE-chT2D 1819"]
[Site "Czech Republic"]
[Date "2019.02.10"]
[Round "8.6"]
[White "Moulis, Mojmir"]
[Black "Dosedel, Jiri"]
[Result "1-0"]
[WhiteElo "2062"]
[BlackElo "2072"]
[PlyCount "87"]
[EventDate "2018.10.14"]
[EventType "team-tourn"]
[EventRounds "11"]
[EventCountry "CZE"]
[SourceTitle "EXT 2022"]
[Source "ChessBase"]
[SourceDate "2021.10.06"]
[SourceVersion "1"]
[SourceVersionDate "2021.10.06"]
[SourceQuality "1"]
[WhiteTeam "Orechov"]
[BlackTeam "Vysoke Myto"]
[WhiteTeamCountry "CZE"]
[BlackTeamCountry "CZE"]

1. e4 d6 2. d4 Nf6 3. Nc3 g6 4. Nf3 c6 5. Bd3 Bg7 6. h3 0-0 7. 0-0 Qc7 8. Bg5 h6 9. Be3 e5 10. a4 a5 11. Qd2 Kh7 12. dxe5 dxe5 13. Bc4 Rd8 14. Qe2 Re8 15. Rad1 Be6 16. Bc5 Nbd7 17. Bd6 Qb6 18. b3 Nh5 19. Bxe6 Rxe6 20. Kh2 Bf8 21. Bxf8 Nxf8 22. Nd2 Qd4 23. Ncb1 Nf4 24. Qf3 Rf6 25. Nc4 Qc5 26. Qe3 Qe7 27. Nc3 g5 28. Rd2 N4g6 29. Rfd1 Kg7 30. Ne2 b5 31. axb5 cxb5 32. Nb6 Ra6 33. Nd5 Qb7 34. Nxf6 Rxf6 35. Ng3 Rc6 36. Nf5+ Kh7 37. g3 b4 38. h4 Rc3 39. Qe2 gxh4 40. Qh5 hxg3+ 41. fxg3 Kg8 42. Qxh6 f6 43. Rd7 Rxc2+ 44. Kh3 1-0

[Event "CZE-chT2D 1819"]
[Site "Czech Republic"]
[Date "2018.12.16"]
[Round "5.7"]
[White "Kokes, Bohuslav"]
[Black "Dosedel, Jiri"]
[Result "0-1"]
[WhiteElo "1995"]
[BlackElo "2072"]
[PlyCount "63"]
[EventDate "2018.10.14"]
[EventType "team-tourn"]
[EventRounds "11"]
[EventCountry "CZE"]
[SourceTitle "EXT 2022"]
[Source "ChessBase"]
[SourceDate "2021.10.06"]
[SourceVersion "1"]
[SourceVersionDate "2021.10.06"]
[SourceQuality "1"]
[WhiteTeam "Chrudim"]
[BlackTeam "Vysoke Myto"]
[WhiteTeamCountry "CZE"]
[BlackTeamCountry "CZE"]

1. e4 d6 2. d4 Nf6 3. Nc3 g6 4. f3 Bg7 5. Be3 0-0 6. Qd2 c6 7. 0-0-0 b5 8. g4 a5 9. Bh6 b4 10. Nce2 Nbd7 11. Bxg7 Kxg7 12. g5 Ng8 13. h4 Nb6 14. Ng3 f5 15. h5 Rf7 16. hxg6 hxg6 17. Qh2 e6 18. f4 Kf8 19. exf5 exf5 20. Nf3 Raa7 21. Nh4 Rg7 22. Qf2 Be6 23. Bg2 Ne7 24. d5 Nexd5 25. Ne2 Qd7 26. Rd3 a4 27. Rhd1 a3 28. b3 Ra6 29. Kb1 Ra5 30. Qd4 Rg8 31. c4 bxc3 32. Nxc3 0-1

[Event "Pardubice Czech op-E 29th"]
[Site "Pardubice"]
[Date "2018.07.13"]
[Round "2"]
[White "Dosedel, Jiri"]
[Black "Potapov, Alexander1111"]
[Result "0-1"]
[WhiteElo "2084"]
[BlackElo "2404"]
[PlyCount "70"]
[EventDate "2018.07.12"]
[EventType "team"]
[EventRounds "7"]
[EventCountry "CZE"]
[SourceTitle "EXT 2019"]
[Source "ChessBase"]
[SourceDate "2018.10.10"]
[SourceVersion "1"]
[SourceVersionDate "2018.10.10"]
[SourceQuality "1"]
[WhiteTeam "Vysoke Myto"]
[BlackTeam "Yamal"]
[WhiteTeamCountry "CZE"]
[BlackTeamCountry "RUS"]

1. Nf3 f5 2. c4 Nf6 3. Nc3 d6 4. d4 g6 5. Bg5 Bg7 6. Nd5 Nxd5 7. cxd5 c6 8. dxc6 Nxc6 9. e3 h6 10. Bh4 g5 11. Bg3 e5 12. dxe5 dxe5 13. Qxd8+ Kxd8 14. 0-0-0+ Ke7 15. h3 Be6 16. Kb1 Rhd8 17. Be2 f4 18. Bh2 Bf5+ 19. Ka1 Nb4 20. a3 Nc2+ 21. Ka2 e4 22. Ne1 Rxd1 23. Bxd1 Nxe1 24. Rxe1 Rd8 25. Bh5 Rd2 26. Re2 Be6+ 27. Kb1 Rd1+ 28. Kc2 Rh1 29. Bxf4 Bc4 30. Bg3 Bd3+ 31. Kb3 Bxe2 32. Bxe2 Rb1 33. Bc4 Rxb2+ 34. Ka4 a6 35. Bd5 Bc3 0-1

[Event "CZE-chT2D 1718"]
[Site "Czech Republic"]
[Date "2018.02.11"]
[Round "8.6"]
[White "Sobotnik, Petr"]
[Black "Dosedel, Jiri"]
[Result "0-1"]
[WhiteElo "1916"]
[BlackElo "2064"]
[PlyCount "130"]
[EventDate "2017.10.15"]
[EventType "team-tourn"]
[EventRounds "11"]
[EventCountry "CZE"]
[SourceTitle "EXT 2022"]
[Source "ChessBase"]
[SourceDate "2021.10.06"]
[SourceVersion "1"]
[SourceVersionDate "2021.10.06"]
[SourceQuality "1"]
[WhiteTeam "Nachod"]
[BlackTeam "Vysoke Myto"]
[WhiteTeamCountry "CZE"]
[BlackTeamCountry "CZE"]

1. c4 Nf6 2. Nc3 g6 3. Nf3 Bg7 4. d4 0-0 5. e4 d6 6. Be2 Nbd7 7. 0-0 e5 8. d5 h6 9. Bd2 c5 10. a3 Ne8 11. b4 f5 12. Rc1 b6 13. Ne1 f4 14. Bg4 Ndf6 15. Bxc8 Rxc8 16. b5 g5 17. f3 h5 18. Kf2 Nh7 19. Ke2 Nef6 20. Kd3 Kf7 21. Kc2 Qd7 22. Nd3 Rg8 23. a4 Bh6 24. h3 Rg6 25. Ra1 g4 26. hxg4 hxg4 27. a5 gxf3 28. gxf3 Rgg8 29. axb6 axb6 30. Ra6 Qb7 31. Na4 Nd7 32. Rh1 Rg6 33. Nf2 Nhf6 34. Qf1 Ra8 35. Rxa8 Qxa8 36. Kb3 Qg8 37. Qh3 Ke7 38. Nc3 Bf8 39. Ra1 Rg3 40. Qh1 Qh7 41. Qxh7+ Nxh7 42. Kc2 Rxf3 43. Be1 Nhf6 44. Ra6 Kd8 45. Nd3 Rh3 46. Na4 Kc7 47. Nf2 Re3 48. Kd1 Nxe4 49. Nxe4 Rxe4 50. Nxb6 Nxb6 51. Ba5 Rxc4 52. Rxb6 Rd4+ 53. Ke2 Rxd5 54. Rc6+ Kd7 55. Rc7+ Ke6 56. b6 c4 57. b7 Rb5 58. Rc8 Rxb7 59. Rxf8 d5 60. Re8+ Kf5 61. Bd2 Ke4 62. Rh8 d4 63. Rh3 c3 64. Bc1 Ra7 65. Kd1 d3 0-1

[Event "CZE-chT2D 1617"]
[Site "Czech Republic"]
[Date "2017.04.02"]
[Round "11.5"]
[White "Dosedel, Jiri"]
[Black "Novak, Radomir"]
[Result "1/2-1/2"]
[WhiteElo "2085"]
[BlackElo "2136"]
[PlyCount "37"]
[EventDate "2016.10.09"]
[EventType "team-tourn"]
[EventRounds "11"]
[EventCountry "CZE"]
[SourceTitle "EXT 2022"]
[Source "ChessBase"]
[SourceDate "2021.10.06"]
[SourceVersion "1"]
[SourceVersionDate "2021.10.06"]
[SourceQuality "1"]
[WhiteTeam "Vysoke Myto"]
[BlackTeam "Hradec Kralove II"]
[WhiteTeamCountry "CZE"]
[BlackTeamCountry "CZE"]

1. Nf3 d5 2. g3 c6 3. Bg2 Bf5 4. d3 Nf6 5. Nbd2 e6 6. h3 h6 7. 0-0 Bc5 8. c3 Nbd7 9. b4 Be7 10. a3 a5 11. Bb2 0-0 12. Nb3 axb4 13. cxb4 c5 14. bxc5 Nxc5 15. Nfd4 Bh7 16. Nxc5 Bxc5 17. Qb3 Qb6 18. Qxb6 Bxb6 19. Rfc1 1/2-1/2

[Event "CZE-chT2D 1617"]
[Site "Czech Republic"]
[Date "2017.01.15"]
[Round "6.6"]
[White "Dosedel, Jiri"]
[Black "Cely, Jaroslav"]
[Result "1/2-1/2"]
[WhiteElo "2085"]
[BlackElo "1994"]
[PlyCount "54"]
[EventDate "2016.10.09"]
[EventType "team-tourn"]
[EventRounds "11"]
[EventCountry "CZE"]
[SourceTitle "EXT 2022"]
[Source "ChessBase"]
[SourceDate "2021.10.06"]
[SourceVersion "1"]
[SourceVersionDate "2021.10.06"]
[SourceQuality "1"]
[WhiteTeam "Vysoke Myto"]
[BlackTeam "Zdar nad Sazavou"]
[WhiteTeamCountry "CZE"]
[BlackTeamCountry "CZE"]

1. Nf3 c5 2. g3 Nc6 3. Bg2 d5 4. d3 Nf6 5. 0-0 Bg4 6. h3 Bh5 7. c3 e5 8. Bg5 Be7 9. Nbd2 h6 10. Bxf6 Bxf6 11. e4 d4 12. c4 g5 13. g4 Bg6 14. Re1 h5 15. Nf1 Qd7 16. N3h2 h4 17. Nf3 Be7 18. Qd2 f6 19. a3 Nd8 20. Reb1 b5 21. b3 0-0 22. Qc2 Ne6 23. N1d2 a6 24. Bf1 Nf4 25. Ne1 Bf7 26. Kh2 Rfb8 27. Ng2 Ng6 1/2-1/2

[Event "CZE-chT2D 1516"]
[Site "Czech Republic"]
[Date "2016.04.17"]
[Round "11.5"]
[White "Reznicek, Dominik"]
[Black "Dosedel, Jiri"]
[Result "0-1"]
[WhiteElo "2165"]
[BlackElo "2062"]
[PlyCount "86"]
[EventDate "2015.10.18"]
[EventType "team-tourn"]
[EventRounds "11"]
[EventCountry "CZE"]
[SourceTitle "EXT 2022"]
[Source "ChessBase"]
[SourceDate "2021.10.06"]
[SourceVersion "1"]
[SourceVersionDate "2021.10.06"]
[SourceQuality "1"]
[WhiteTeam "Polabiny III"]
[BlackTeam "Vysoke Myto"]
[WhiteTeamCountry "CZE"]
[BlackTeamCountry "CZE"]

1. e4 d6 2. d4 Nf6 3. Nc3 g6 4. h3 Bg7 5. Nf3 0-0 6. Bc4 c6 7. a4 d5 8. exd5 cxd5 9. Bd3 Nc6 10. 0-0 Qb6 11. Ne2 Nb4 12. Ng3 Nxd3 13. Qxd3 Bd7 14. Re1 e6 15. Ne5 Rfc8 16. c3 Be8 17. h4 h5 18. f4 Nd7 19. Kh2 Nf6 20. Nh1 Ne4 21. Ng3 Qd8 22. Nf3 Nf2 23. Qe2 Ng4+ 24. Kg1 Rc4 25. Nf1 Rxa4 26. Rxa4 Bxa4 27. g3 Qb6 28. N1h2 Nxh2 29. Kxh2 Qb3 30. Qe3 Qc2+ 31. Re2 Qf5 32. Rf2 Bc2 33. Ne5 Be4 34. Bd2 Rd8 35. Be1 Rd6 36. b3 Ra6 37. c4 Ra1 38. c5 Bf8 39. b4 Rb1 40. Ra2 a6 41. c6 bxc6 42. Rxa6 Bxb4 43. Bxb4 Rh1# 0-1

[Event "CZE-chT2D 1516"]
[Site "Czech Republic"]
[Date "2015.11.22"]
[Round "3.6"]
[White "Dosedel, Jiri"]
[Black "Riha, Vojtech"]
[Result "1-0"]
[WhiteElo "2062"]
[BlackElo "1850"]
[PlyCount "75"]
[EventDate "2015.10.18"]
[EventType "team-tourn"]
[EventRounds "11"]
[EventCountry "CZE"]
[SourceTitle "EXT 2022"]
[Source "ChessBase"]
[SourceDate "2021.10.06"]
[SourceVersion "1"]
[SourceVersionDate "2021.10.06"]
[SourceQuality "1"]
[WhiteTeam "Vysoke Myto"]
[BlackTeam "Chrudim"]
[WhiteTeamCountry "CZE"]
[BlackTeamCountry "CZE"]

1. Nf3 c5 2. d3 d6 3. g3 b6 4. Bg2 Bb7 5. Nbd2 Nf6 6. 0-0 e6 7. e4 Nc6 8. c3 d5 9. e5 Nd7 10. Qe2 Be7 11. Re1 0-0 12. Nf1 a6 13. h4 h6 14. N1h2 Re8 15. Ng4 Bf8 16. Bf4 b5 17. a3 c4 18. d4 a5 19. Qe3 Kh7 20. Bf1 b4 21. Be2 b3 22. Kg2 Ne7 23. h5 Nf5 24. Qd2 Nb6 25. Rh1 Qc7 26. Ngh2 Ne7 27. g4 Ng8 28. g5 Bc6 29. Rag1 Ra7 30. Ng4 Nd7 31. Kf1 Qd8 32. g6+ fxg6 33. hxg6+ Kh8 34. Ng5 Re7 35. Nf7+ Rxf7 36. gxf7 Ne7 37. Nxh6 gxh6 38. Bxh6 1-0